000 00469nam a2200181Ia 4500
005 20250423101415.0
008 250422s9999 xx 000 0 und d
020 _a9781597840002
050 _aBP 130.4. U 48/
100 _aUnal, Ali
245 4 _aThe Qur’an with annotated interpretation in modern english
260 _aNew Jersey
260 _bLight
260 _c2008
300 _a1365 p
650 _aKoran- criticism, interpretation, etc.
942 _cBK
999 _c36216
_d36216